China y Mercosur: perspectivas para el comercio bilateral /
Na minha lista:
| Autor principal: | |
|---|---|
| Outros Autores: | |
| Formato: | Texto |
| Assuntos: | |
| Tags: |
Adicionar Tag
Sem tags, seja o primeiro a adicionar uma tag!
|
MARC
| LEADER | 00000 a a2200000 04500 | ||
|---|---|---|---|
| 001 | 13134 | ||
| 003 | |||
| 040 | |||
| 100 | |a Barral, Welber | ||
| 245 | |a China y Mercosur: |b perspectivas para el comercio bilateral / |c Welber Barral ; Nicolás Perrone | ||
| 650 | |a COMERCIO | ||
| 650 | |a ECONOMIA | ||
| 650 | |a EXPORTACIONES | ||
| 650 | |a IMPORTACIONES | ||
| 650 | |a CHINA | ||
| 650 | |a MERCOSUR | ||
| 700 | |a Perrone, Nicolás | ||
| 773 | |g volumen 8, número 5; páginas 23-24 | ||
| 999 | |c 37156 |d 37156 | ||
